30 seconds - Central Asia - Statistics

General Stats
  • This quiz has been taken 57 times
    33 since last reset
  • The average score is 11 of 13
Answers on the Map
Answers color-coded by a green-red scale on the quiz's map according to % correct below.
 
Answer Stats
Countries % Correct
Afghanistan
90%
Kazakhstan
90%
Uyghuristan (Xinjiang, China)
90%
Azerbaijan
86%
Tajikistan
86%
Turkmenistan
86%
Uzbekistan
86%
Western Mongolia
86%
Armenia
81%
Iran (Khorazon)
81%
Kyrgyzstan
81%
Northern Pakistan
81%
Georgia
67%
No matching quizzes found
Score Distribution
Percent of People with Each Score
Percentile by Number Answered
Your Score History
You have not taken this quiz since the last reset